Statistics for Characters from the Nutcracker Ballet

Click here to take the quiz!

General Stats

  • This quiz has been taken 84 times
  • The average score is 14 of 22

Answer Stats

Hint Answer % Correct
ProtagonistClara
97%
Protagonist's toyNutcracker
95%
AntagonistMouse King
85%
Ruler of the Land of SweetsSugar Plum Fairy
83%
Members of above's armyMice
78%
Asian dancersChinese Tea
75%
Dancers that blossom in a gardenFlowers
73%
Protagonist's brotherFritz
69%
Female monarch of white precipitationSnow Queen
69%
Cossack dancersRussian Candy Canes
68%
Latin dancersSpanish Chocolate
68%
Subjects of aboveSnowflakes
68%
Members of above's armyToy Soldiers
66%
Desert dancersArabian Coffee
61%
Male monarch of white precipitationSnow King
59%
Protagonist's godfatherDrosselmeyer
59%
Large womanMother Ginger
51%
Candy dancers / Woodwind dancersMarzipan / Reedpipes
49%
CherubsAngels
47%
Ruler of aboveDew Drop Fairy
47%
Consort of aboveCavalier
41%
Children of abovePolichinelles
22%

Score Distribution

Percentile by Number Answered

Percent of People with Each Score

Your Score History

You have not taken this quiz